00851nam a22002417a 450000500170000001000110001702000220002803500110005003700160006104000120007708200110008910000280010024500740012826000320020227000370023430000210027165000550029265000360034770000300038394200200041399900190043395201570045220170124110125.0 a915771 c00.00a0233967060 a915771 bCen Lib/Ret aDPLbEN aNbSAG aSagan, Francoise931437 aLost profile /cby Françoise Sagan ; translated by Joanna Kilmartin aLondonbAndre Deutschc1976 a105 Great Russell StreetbLondon a134p. c19cm(Hb) aFrench fiction -- Translations into English931438 aRelationships -- Fiction931439 a Kilmartin, Joanna931440 2ddccENhNmSAG c131310d131310 04104070aLbLd2015-07-14eCen Lib/Ret g0.00l0oN SAGp915771r2015-07-14 00:00:00t1v0.00w2015-07-14yENzW/d List No. 6852/8 : dtd 21/7/20